| 000 | 03125nam a22003377a 4500 | ||
|---|---|---|---|
| 001 | 6333 | ||
| 003 | FISKH | ||
| 005 | 20250422145048.0 | ||
| 008 | 100427s2010 nyua 000 0 eng d | ||
| 010 | _a 2010927612 | ||
| 020 | _a9781603201414 (hdbk.) | ||
| 020 | _a072440100718 | ||
| 020 | _a1603201416 (hdbk.) | ||
| 040 |
_aBTCTA _beng _cBTCTA _dCLE |
||
| 050 | _aQH46 .W66 | ||
| 082 | _a508 | ||
| 100 | _aAnonymous | ||
| 245 | 0 | 4 |
_aThe wonders of life : _bThe amazing world of nature / |
| 260 |
_aNew York : _bLife Book, _c2010. |
||
| 300 |
_a126 pages : _bcolor illustrations ; _c28 cm |
||
| 500 | _a"Includes 5 removable prints ready to be framed"--Jacket. | ||
| 500 | _a"Life the classic collection"--Jacket. | ||
| 520 | _aHere we have an endless stream of exotica-exotic living things growing from the ground and exotic critters of all shapes and sizes, crawling, bounding and flying around. As LIFE's editors put it in their introduction: "This is a wild book. In its pages we have animals as big as trucks and plants as big as small towns. We have flowers that dance for our pleasure and flowers that shyly hide underground, flowers that can kill animals and flowers that can heal animals. We have a teeny tiny bird that is directly descended from T Rex and a truly enormous bird that can't fly but can run 45 miles an hour. We have a lizard king that could rip you apart and a lizard princeling that walks on water. This is a wild, wild book." It is indeed. It is a book that is focused on life at the far fringes-the biggest, toughest, gentlest, rarest and weirdest species. It ultimately creates an astonishing image of the world around us, a world more diverse and sometimes strange than even the most imaginative reader might have expected. Accompanying the remarkable photography, which is always LIFE's hallmark, are descriptions of each subject that will fairly boggle the mind. Did you know that a carnivorous plant's trapping mechanism often doubles as its stomach, or that an elephant seal can hold its breath for up to two hours when diving in the sea? There are as many amazing facts in these pages as there are sensational pictures. And as with earlier volumes in LIFE's Classic Collection series, Wonders of Life comes with a bonus feature: Five photographic prints from the famed LIFE archive that can be extracted, framed and hung on your wall. When the print is removed, the exact picture is still there on the page beneath, so your deluxe coffee-table book remains intact. It is, as the editors write, "an elegant trick worthy of the dancing flower, and one that our readers have come to expect-and greatly enjoy." Travel along then, around the globe and to the depths of the oceans, as LIFE celebrates the wonders of life-each of them wondrous almost beyond belief. | ||
| 650 | 0 |
_aNatural history _vPictorial works. |
|
| 650 | 0 |
_aCuriosities and wonders _vPictorial works. |
|
| 650 | 4 |
_aNatural history _xPictorial works. |
|
| 650 | 4 |
_aCuriosities and wonders _xPictorial works. |
|
| 906 |
_a7 _bcbc _ccopycat _d2 _encip _f20 _gy-gencatlg |
||
| 942 |
_2ddc _cBK _n0 |
||
| 999 |
_c6333 _d6333 |
||